000 00673nam a22002177a 4500
999 _c11932
_d11932
003 AR-CdUCM
008 190405b ||||| |||| 00| 0 spa d
040 _aMUNICIPALIDAD PROVINCIAL DEL CUSCO
_cBIBLIOTECA MUNICIPAL DEL CUSCO
082 _a985.05 /
_bP59 / 1864
100 _aPinzón , Luis H.
_929552
245 _aExposición de los actos agresivos contra el Perú /
260 _aLima :
_bImprenta el mercurio,
_c1864.
300 _a76 paginas ;
_c20 cm.
505 _aContenido : Documentos
650 _aHistoria
_9246
650 _aPeru
_9429
650 _aAgresión
_929553
650 _aConflicto
_94870
942 _2ddc
_cLIBROS
945 _awnts
_d2019-04-05